Normal view
MARC view
Entry Personal Name
001 - CONTROL NUMBER
- control field: 15699
003 - CONTROL NUMBER IDENTIFIER
- control field: ARRUPE
005 - DATE AND TIME OF LATEST TRANSACTION
- control field: 20150303120914.0
008 - FIXED-LENGTH DATA ELEMENTS
- fixed length control field: 150303|| aca||aabn | a|a d
040 ## - CATALOGING SOURCE
- Original cataloging agency: ARRUPE
- Transcribing agency: ARRUPE
100 ## - HEADING--PERSONAL NAME
- Personal name: Gribbin, John
670 ## - SOURCE DATA FOUND
- Source citation: Work cat.: (ARRUPE): Gribbin, John , Schrodinger's Kittens and the search for reality , 1995